| 000 | 01071nam a22003017a 4500 | ||
|---|---|---|---|
| 005 | 20220329141247.0 | ||
| 008 | 971010s1989 r 00010 d | ||
| 010 | _a65306 | ||
| 011 | _a66278 | ||
| 035 | _a74298 | ||
| 090 | _aTesis | ||
| 100 | 0 | 0 |
_aSánchez Rodríguez, Lauro. _9107801 |
| 245 | _aActualización del estudio geohidrológico del Valle de Mexicali, B.C.N. | ||
| 260 |
_aChapingo, Méx. : _bEl autor, _c1989 |
||
| 300 |
_a103 h. _b; anexo |
||
| 502 | _aTesis (Ing. Agr. Esp. en Irrigación) -- UACH. Departamento de Irrigación | ||
| 590 |
_aALEPH _b10 _c20130110 _lUCH01 _h1355 |
||
| 590 |
_aBATCH-UPD _b10 _c20130110 _lUCH01 _h0129 |
||
| 590 |
_aBATCH-UPD _b10 _c20130110 _lUCH01 _h0913 |
||
| 590 |
_aBATCH-UPD _b10 _c20130409 _lUCH01 _h2124 |
||
| 590 |
_aBATCH-UPD _b10 _c20130410 _lUCH01 _h0537 |
||
| 590 |
_aBATCH-UPD _b10 _c20130913 _lUCH01 _h2250 |
||
| 590 |
_aCONVERSION _b10 _c20130109 _lUCH01 _h1336 |
||
| 650 | 1 | 4 |
_aAgua subterránea _xBaja California. _92458 |
| 650 | 1 | 4 |
_aHidrología. _955257 |
| 901 | _aBK | ||
| 949 |
_bI _cTES _d-7162 _eTS1 _h576 _i74298 _si |
||
| 999 |
_c65306 _d65306 |
||